000 00469cam a2200181ua 4500
020 _c15.00
041 _ahin
_h
082 _a891.54
_bSHA/KA
100 _aShakuntala dube, .
245 _aKavyaroopam ke mulsrot our un ka vikas /
_cShakuntala dube.
_hTextual Documents
250 _a1 /
_b.
260 _aVaranasi :
_bHindi Pracharak Pusthakalayam ,
_c1964.
300 _a588 ; .
365 _a15.00
504 _a
942 _cBK
999 _c4077
_d4077